Studia et documenta / Sectio iuris Romani et historiae iuris

Saved in:  
Bibliographic Details
Subtitles:Studia et documenta / Sectio iuris Romani et historiae iuris
Format: Print Series/Journal
Language:Italian
Subito Delivery Service: Order now.
Check availability: HBZ Gateway
WorldCat: WorldCat
Interlibrary Loan:Für eine Fernleihe wählen Sie bitte zuerst einen Band oder Aufsatz aus.
Published: [Roma] Pontificia Università Lateranense 1997-
[Milano] Mursia 1997-
In:Year: 1997
Further subjects:B Publication series

MARC

LEADER 00000cas a2200000 c 4500
001 391730347
003 DE-627
005 20250604140703.0
007 tu
008 040804c19979999it z| m| 0 |0ita c
016 7 |a 02631004X  |2 DE-101 
016 7 |a 2156923-X  |2 DE-600 
035 |a (DE-627)391730347 
035 |a (DE-576)9391730345 
035 |a (DE-599)ZDB2156923-X 
035 |a (OCoLC)611552076 
040 |a DE-627  |b ger  |c DE-627  |e rakwb 
041 |a ita 
044 |c XA-IT 
082 0 4 |a 340  |q DE-600 
245 0 0 |a Studia et documenta  |p Sectio iuris Romani et historiae iuris 
246 1 |i Ansetzungssachtitel  |a Studia et documenta / Sectio iuris Romani et historiae iuris 
264 3 1 |a [Roma]  |b Pontificia Università Lateranense  |c 1997- 
264 3 1 |a [Milano]  |b Mursia  |c 1997- 
336 |a Text  |b txt  |2 rdacontent 
337 |a ohne Hilfsmittel zu benutzen  |b n  |2 rdamedia 
338 |a Band  |b nc  |2 rdacarrier 
362 0 |a 1.1997 - 
363 0 1 |a 1  |i 1997 
601 |a historia 
655 7 |a Monografische Reihe  |0 (DE-588)4179998-7  |0 (DE-627)104628669  |0 (DE-576)209995106  |2 gnd-content 
889 |w (DE-603)071701184 
951 |a ST 
CAN |a 1  |c 1 
ELC |b 1 
ORI |a SA-MARC-ixtheob001.raw 
REL |a 1 
SPR |a 1  |t CAN  |t IXT 
SUB |a REL